000
00268nam a2200121Ia 4500
100
_a
Khurmi/R.S/ Gupta /J.K
942
_c
BK
654
_a
Theory
245
_a
Theory Of Machine
260
_b
Eurasia pub. house
_a
New Delhi
_c
1985
300
_a
1107
546
_a
ENGLISH
999
_c
26679
_d
26679